Online
Catalog

El reformismo por dentro en América Latina. / (Record no. 35231)

MARC details
000 -CABECERA
campo de control de longitud fija 00623nam a2200193 a 4500
001 - NÚMERO DE CONTROL
campo de control 000035740
005 - FECHA Y HORA DE LA ÚLTIMA TRANSACCIÓN
campo de control 20200930074556.0
008 - DATOS DE LONGITUD FIJA--INFORMACIÓN GENERAL
campo de control de longitud fija 111109s1972 mx 000 0 spa d
040 ## - FUENTE DE LA CATALOGACIÓN
Centro catalogador/agencia de origen DO-SdBNP
Lengua de catalogación spa
Centro/agencia transcriptor BNPHU
082 ## - NÚMERO DE LA CLASIFICACIÓN DECIMAL DEWEY
Número de clasificación xxxx
Número de documento/Ítem F197r
100 1# - ENTRADA PRINCIPAL--NOMBRE DE PERSONA
Nombre de persona Fals Borda, Orlando
9 (RLIN) 61686
240 10 - TÍTULO UNIFORME
Título uniforme Cooperatives and rural development in Latin America
Lenguaje de la obra Español
245 13 - MENCIÓN DE TÍTULO
Título El reformismo por dentro en América Latina. /
Mención de responsabilidad, etc. Orlando Fals Borda.
260 ## - PUBLICACIÓN, DISTRIBUCIÓN, ETC.
Lugar de publicación, distribución, etc. México :
Nombre del editor, distribuidor, etc. Siglo Veintiuno Editores,
Fecha de publicación, distribución, etc. 1972.
300 ## - DESCRIPCIÓN FÍSICA
Extensión 215 p. ;
Dimensiones 16 cm.
490 1# - MENCIÓN DE SERIE
Mención de serie Mínima
Designación de volumen o secuencia 48
500 ## - NOTA GENERAL
Nota general Traducido del inglés
830 #0 - PUNTO DE ACCESO ADICIONAL DE SERIE-TÍTULO UNIFORME
Título uniforme Mínima
Designación de volumen o secuencia 48
9 (RLIN) 28232
Holdings
Estado de retiro Estado de pérdida Restricciones de uso No para préstamo Código de colección Localización permanente Ubicación/localización actual Ubicación en estantería Fecha de adquisición Número de inventario Total de préstamos Signatura topográfica completa Código de barras Fecha visto por última vez Precio válido a partir de Tipo de ítem Koha Nota pública Número de copia
      Excluido de préstamo Monografías: Libros y Folletos General General En catalogación 09.11.2011 LF1   xxxx F197r 35740-10 25.06.2020 25.06.2020 No se presta Perteneció a la biblioteca personal de Juan Isidro Jimenes -Grullón  
      Excluido de préstamo Monografías: Libros y Folletos General General En catalogación 11.11.2011 LF1   xxxx F197r 35740-20 25.06.2020 25.06.2020 No se presta Perteneció a la biblioteca personal de Juan Isidro Jimenes -Grullón e. 2

Powered by Koha